000 00523nam a2200181 i 4500
001 70025
003 ES-MaACL
005 20250822063131.0
007 t|
008 040715s1967 sp ||||1| spa d
100 1 _aGarcía Mercadal, J.,
_d1883-1975
_9164264
245 1 0 _aAzorín
_b: biografía ilustrada /
_cJ. García Mercadal.
250 _a[1ª ed.].
260 _aBarcelona :
_bDestino,
_c[1967]
300 _a170 p. :
_bil. ;
_c24 cm.
852 _aES-MaACL
_jC-33962
_bR.64659
999 _c70025
_d70025